00479 2200169 4500001002100000008004100021035002000062245008700082250001000169260003300179300001500212020001800227084001700245082001100262650002400273990001200297INLIS000000000001494 ind  a0010-0722001043 aSaat Saat MengharukanbDalam Kehidupan Nabi dan SahabatcMuhammad Mahir Al-Buhairi acet:1 aJakarta :bGema Insanic2004 a188c18 cm a9799795618842 a297.91 MUH s a297.91 aZaman Nabi Muhammad aDI.1673